'A' Countries Quiz Stats

 Plays Quiz Updated Sep 28, 2018

Score 0/11 Timer 02:00
30 Plays Today
Country % Correct
Australia
87.2%
Austria
82.5%
Argentina
78%
Albania
77.9%
Algeria
75.5%
Armenia
75.2%
Azerbaijan
74.8%
Andorra
74.2%
Angola
73.9%
Afghanistan
72.5%
Antigua and Barbuda
58.5%

You're not logged in!

Compare scores with friends on all Sporcle quizzes.
OR
Log In

Sporcle TV

Today on Sporcle TV


Watch our educational content, quiz creation guides, and fun videos on Sporcle TV.

Show Comments

Extras

Top Quizzes Today


Score Distribution

Your Account Isn't Verified!

In order to create a playlist on Sporcle, you need to verify the email address you used during registration. Go to your Sporcle Settings to finish the process.

Report this User

Report this user for behavior that violates our Community Guidelines.

Details: